الفرق الإسلامية فى الشعر الأموى / (Record no. 15795)
[ view plain ]
| 000 -الفاتح | |
|---|---|
| حقل البيانات ثابتة الطول | 00760nam a22001817a 4500 |
| 008 - عناصر البيانات ثابتة الطول - معلومات عامة | |
| حقل البيانات ثابتة الطول | 110810t1970 xxu||||g |||| 000 0 ara d |
| 082 ## - رقم تصنيف ديوى العشرى | |
| رقم الطبعة | 22 |
| رقم التصنيف | 245 |
| رقم المادة | ق ا ض |
| 100 ## - المدخل الرئيسى - إسم شخصى | |
| 9 (RLIN) | 26610 |
| الإسم الشخصى | القاضى،النعمان |
| 245 ## - بيان العنوان | |
| العنوان | الفرق الإسلامية فى الشعر الأموى / |
| بيان المسئوليه,etc | النعمان القاضى |
| 260 ## - PUBLICATION, DISTRIBUTION, ETC. (IMPRINT) | |
| مكان الناشر او الموزع | القاهرة: |
| اسم الناشر او الموزع | دار المعارف،[1970] |
| تاريخ النشر أو التوزيع | [1970]. |
| 300 ## - الوصف المادى | |
| التعداد | 755ص، |
| أبعاد الوعاء | 24سم. |
| 490 ## - بيان السلسلة | |
| -- | 15990 |
| عنوان السلسلة | ؛مكتبة الدراسات الأدبية |
| -- | 58. |
| 650 ## - المدخل الاضافى بالموضوع-مصطلح موضوعى | |
| 9 (RLIN) | 13294 |
| مصطلح موضوعي أو اسم جغرافي كعنصر مدخل | الفرق الإسلامية |
| 650 ## - المدخل الاضافى بالموضوع-مصطلح موضوعى | |
| 9 (RLIN) | 16890 |
| مصطلح موضوعي أو اسم جغرافي كعنصر مدخل | الخوارج |
| 653 ## - مصطلح تكشيفى غير مقيد | |
| Resource For college | |
| Arrived date list | August2011 |
| 942 ## - عناصر المدخل الإضافي( كوها) | |
| مصدر التصنيف او مخطط الترفيف | Dewey Decimal Classification |
| Koha [default] item type | Book - Borrowing |
| حالة التراجع | حالة الفقد | مصدر التصنيف او خطة الترفيف | حالة تلف | ليس للاعارة | مجموعات كوها | المكان الدائم | المكان الحالي | موقع الترفيف | تاريخ الاكتساب | Source of acquisition | رقم الاستدعاء | الباركود | Date last seen | نوع الوعاء |
|---|---|---|---|---|---|---|---|---|---|---|---|---|---|---|
| Dewey Decimal Classification | Central Library | Central Library | Lower Floor | 10/08/2011 | Donation | 245 ق ا ض | 000024448 | 15/07/2025 | Book - Borrowing |